BIBLIOTECA

SENCICO

Cómo elaborar maquetas de casa habitación / (Registro nro. 3773)

Detalles MARC
000 -LEADER
fixed length control field 01018nam a22002657a 4500
003 - CONTROL NUMBER IDENTIFIER
control field PE SENCICO BE
005 - DATE AND TIME OF LATEST TRANSACTION
control field 20251020182624.0
008 - FIXED-LENGTH DATA ELEMENTS--GENERAL INFORMATION
fixed length control field 230112b |||||||| |||| 00| 0 eng d
020 ## - INTERNATIONAL STANDARD BOOK NUMBER
International Standard Book Number 978-607-17-1481-7
040 ## - CATALOGING SOURCE
Original cataloging agency PE SENCICO BE
Transcribing agency PE SENCICO BE
041 ## - LANGUAGE CODE
Language code of text/sound track or separate title spa
082 ## - DEWEY DECIMAL CLASSIFICATION NUMBER
Classification number 728.372
Item number D74
100 1# - MAIN ENTRY--PERSONAL NAME
9 (RLIN) 455
Personal name Domínguez Hernández, Miguel Ángel Cruz
245 1# - TITLE STATEMENT
Title Cómo elaborar maquetas de casa habitación /
Statement of responsibility, etc. Miguel Ángel Cruz Domínguez Hernández
250 ## - EDITION STATEMENT
Edition statement 1a ed.
260 ## - PUBLICATION, DISTRIBUTION, ETC.
Place of publication, distribution, etc. México, D. F. :
Name of publisher, distributor, etc. Trillas,
Date of publication, distribution, etc. 2013
300 ## - PHYSICAL DESCRIPTION
Extent 143 p. :
Other physical details il., diagrs.,
Dimensions 24 cm.
505 2# - FORMATTED CONTENTS NOTE
Formatted contents note Conceptos generales -- Materiales, herramientas y equipos -- Teoría del color -- Procedimientos constructivos -- Presentación de la maqueta terminada
650 14 - SUBJECT ADDED ENTRY--TOPICAL TERM
9 (RLIN) 370
Topical term or geographic name entry element Arquitectura de viviendas
650 24 - SUBJECT ADDED ENTRY--TOPICAL TERM
9 (RLIN) 18
Topical term or geographic name entry element Diseño arquitectónico
650 24 - SUBJECT ADDED ENTRY--TOPICAL TERM
9 (RLIN) 457
Topical term or geographic name entry element Maquetas (Arquitectura)
650 24 - SUBJECT ADDED ENTRY--TOPICAL TERM
9 (RLIN) 428
Topical term or geographic name entry element Dibujo arquitectónico
910 ## - USER-OPTION DATA (OCLC)
-- hfp
-- hfp
942 ## - ADDED ENTRY ELEMENTS (KOHA)
Source of classification or shelving scheme Dewey Decimal Classification
Koha item type Libros
Classification part 728.372
Item part D74
Existencias
Fecha de la última vez que lo usaron Número de ingreso o de inventario Pago total Signatura topográfica completa Precio efectivo desde Tipo de documento Estado perdido Sistema de clasificación Estado dañado No es para préstamo Retirado Ubicación permanente Ubicación actual Fecha de adquisición
12/01/2023 16417   728.372/D74 12/01/2023 Libros   Dewey Decimal Classification       Biblioteca Central Lima Biblioteca Central Lima 12/01/2023